01482am a2200421a 44500003000900000005001700009008004100026020001800067040001300085245006900098260012700167300001600294490001700310500005000327500006900377500006700446500005300513504002700566610006400593610002900657610002800686610000800714610001200722610004600734650002100780650001900801650003500820650000900855650002800864653002400892700001800916700002700934700002300961700001800984700001901002700002001021700001901041AR-BaBNM20251128205531.0017119s1996 #AR|||||||||||000 | spa|| a84-8198-140-0 cAR-BaBNM10aEducar en y para los derechos humanosbdinámicas y actividades aMadridbAsociación pro Derechos Humanos. Seminario de Educación para la Paz. {Madrid}bLos Libros de la Cataratac1996 a159 p.bil. 0aEdupazvv. 4 aMateriales sobre derechos humanos: p. 150-151 aGrupos de derechos humanos y educación para la paz: p. 152-154 aApéndices: Declaración de los Derechos Humanos: p. 155-158 aDeclaración de los Derechos del Niño: p. 159 aBibliografía: p. 14924aAlto Comisionado de las Naciones Unidas para los Refugiados24aAmnistía Internacional24aMadres de Plaza de Mayo24aETA24aELKARRI24aCoordinadora Gesto para la Paz [España] 4aDERECHOS HUMANOS 4aDISCRIMINACION 4aORGANIZACIONES INTERNACIONALES 4aONGs 4aTECNICAS DE ENSEÑANZA aTEMAS TRANSVERSALES1 aBastida, Anna1 aCascón Soriano, Paco1 aGonzález, Montse1 aGrasa, Rafael1 aIglesias, Calo1 aLópez, Javier1 aPoleo, Antonio